Curso básico de lengua española para un aprendizaje activo / (Registro nro. 8311)

Detalles MARC
000 -LEADER
fixed length control field 02759nam a2200313 a 4500
001 - CONTROL NUMBER
control field 000005860
003 - CONTROL NUMBER IDENTIFIER
control field DO-SdBNP
005 - DATE AND TIME OF LATEST TRANSACTION
control field 20170523151849.0
007 - PHYSICAL DESCRIPTION FIXED FIELD--GENERAL INFORMATION
fixed length control field 000005860
008 - FIXED-LENGTH DATA ELEMENTS--GENERAL INFORMATION
fixed length control field 090824s2015 dr 001 0 spa d
020 ## - INTERNATIONAL STANDARD BOOK NUMBER
International Standard Book Number 9789945166521
040 ## - CATALOGING SOURCE
Original cataloging agency BPMSU
Language of cataloging spa
Transcribing agency BPMSU
092 ## - LOCALLY ASSIGNED DEWEY CALL NUMBER (OCLC)
Classification number 460.7
Item number A475c, 2015
100 1# - MAIN ENTRY--PERSONAL NAME
Personal name Alvino Romero, Sonia
245 10 - TITLE STATEMENT
Title Curso básico de lengua española para un aprendizaje activo /
Statement of responsibility, etc. Sonia Alvino Romero.
250 ## - EDITION STATEMENT
Edition statement 3a ed.
260 ## - PUBLICATION, DISTRIBUTION, ETC. (IMPRINT)
Place of publication, distribution, etc. Santo Domingo, :
Name of publisher, distributor, etc. Búho,
Date of publication, distribution, etc. 2015
300 ## - PHYSICAL DESCRIPTION
Extent 145 p. ;
Dimensions 28 cm.
504 ## - BIBLIOGRAPHY, ETC. NOTE
Bibliography, etc Bibliografía : p. 143-145
505 0# - FORMATTED CONTENTS NOTE
Title La comunicación es importante --
-- La lectura : su importancia en la construcción del conocimiento --
-- La lengua : distinta modalidades en el uso --
-- La oración: unidad de comunicación --
-- El párrafo unidad de sesntido cabal --
-- La oración unidad comunicativa --
-- Cualidades del párrafo --
-- Clasificación de los párrafos --
-- El resumen --
-- Técnicas para realizar un resumen --
-- Uso de las formas verbales --
-- Formas no personales del verbo --
-- Formas de los tiempos verbales --
-- Uso de las formas verbales según los modos y los tiempos --
-- Las perífrasis verbales --
-- La acentuación --
-- Cómo acentuar las palabras --
-- ¿Cómo clasificar las palabras según el lugar del acento? --
-- Diptongos, triptongos e hiatos --
-- Uso de la tilde diacrítica --
-- Uso de las letras mayúsculas --
-- Los signos de puntuación --
-- Uso relativo al punto (. ) --
-- Uso relativo a la coma ( , ) --
-- Uso relativo al punto y coma ( ; ) --
-- Uso relativo de a los dos puntos ( : ) --
-- Uso relativo a los puntos suspensivos ( ... ) --
-- Uso de los signos de interrogación ( ¿? ) --
-- Uso de los signos de admiración ( ¡! ) --
-- Uso del paréntesis ( ) --
-- Uso de las comillas ( " ) ( >><< ) --
-- Uso de la raya o guión largo ( __ ) --
-- Uso del guíon (--)
-- La bibliografía --
-- Distintas modalidades de presentar las referencias bibliográficas --
-- La narración --
-- La estructura de la narración --
-- Los elementos de la oración --
-- Cómo iniciar la redacción de una oración --
-- La descripción --
-- Clasificación --
-- La exposición --
-- Qué hacer antes de redactar un texto expositivo --
-- Cualidades de un texto expositivo --
-- Formas de presentar o abordar un tema en un texto expositivo --
-- Esquema para un texto expositivo corto --
-- Esquema para texto un texto expositivo largo --
-- Bibliografía.
650 #4 - SUBJECT ADDED ENTRY--TOPICAL TERM
Topical term or geographic name as entry element ESPAÑOL
General subdivision ESTUDIO Y ENSEÑANZA
650 #4 - SUBJECT ADDED ENTRY--TOPICAL TERM
Topical term or geographic name as entry element ESPAÑOL
General subdivision EJERCICIOS DE REDACCIÓN
650 #4 - SUBJECT ADDED ENTRY--TOPICAL TERM
Topical term or geographic name as entry element ESPAÑOL
General subdivision GRÁMATICA
-- ESTUDIO Y ENSEÑANZA
650 #4 - SUBJECT ADDED ENTRY--TOPICAL TERM
Topical term or geographic name as entry element ESPAÑOL
General subdivision GRAMÁTICA
-- EJERCICIOS DE REDACCIÓN
910 ## - USER-OPTION DATA (OCLC)
User-option data Reutilizar registro
930 #1 - EQUIVALENCE OR CROSS-REFERENCE-UNIFORM TITLE HEADING [LOCAL, CANADA]
Language of a work
Medium of performance for music
Field link and sequence number
Date of a work
Name of part/section of a work
Miscellaneous information
Medium
942 ## - ADDED ENTRY ELEMENTS (KOHA)
Source of classification or shelving scheme Dewey Decimal Classification
Koha item type Libros
956 ## - LOCAL ELECTRONIC LOCATION AND ACCESS (OCLC)
Host name VMATEO
Access number 10
Compression information 20150929
Logon BPMSU
Processor of request 00151
Existencias
Withdrawn status Lost status Source of classification or shelving scheme Damaged status Not for loan Collection code Home library Current library Date acquired Source of acquisition Total Checkouts Full call number Barcode Date last seen Price effective from Koha item type Copy number
    Dewey Decimal Classification       Biblioteca Pública Metropolitana Salomé Ureña Biblioteca Pública Metropolitana Salomé Ureña 09/29/2015 Búho   460.7 A475c 2015 BPMSU15090215 09/29/2015 09/29/2015 Libros  
    Dewey Decimal Classification       Biblioteca Pública Metropolitana Salomé Ureña Biblioteca Pública Metropolitana Salomé Ureña 09/29/2015 Búho   460.7 A475c 2015 BPMSU15090216 09/29/2015 09/29/2015 Libros ej. 2
    Dewey Decimal Classification       Biblioteca Pública Metropolitana Salomé Ureña Biblioteca Pública Metropolitana Salomé Ureña 09/29/2015 Búho   460.7 A475c 2015 BPMSU15090217 09/29/2015 09/29/2015 Libros ej. 3